[Event "Aktiv-Alliancen Basis 4 2002"]
[Site "Taastrup"]
[Date "2002.01.25"]
[Round "1"]
[White "Jacobsen, Jesper Howalt"]
[Black "Hansen, Steen"]
[Result "0-1"]
[WhiteElo "1269"]
[BlackElo "1193"]
[PlyCount "58"]
[EventDate "2002.??.??"]

1. e4 e5 2. Nf3 Nc6 3. Bb5 d6 4. Nc3 Bd7 5. O-O Nf6 6. Re1 Be7 7. Nd5 O-O 8. c3
a6 9. Ba4 b5 10. Bc2 Be6 11. Nxe7+ Qxe7 12. d4 Bg4 13. d5 Nb8 14. Qd3 Nbd7 15.
b4 Nb6 16. Nd2 Rac8 17. Nb3 Nc4 18. f3 Bd7 19. Nd2 Nxd2 20. Bxd2 c6 21. a4 cxd5
22. exd5 g6 23. Bb3 Bf5 24. Qe2 Qb7 25. g4 Bd7 26. Qd3 h5 27. g5 Bf5 28. Qe3
Nxd5 29. a5 Nxe3 0-1

[Event "Aktiv-Alliancen Basis 4 2002"]
[Site "Taastrup"]
[Date "2002.01.25"]
[Round "1"]
[White "Jensen, Carsten"]
[Black "Jensen, Leif Haugaard"]
[Result "1-0"]
[WhiteElo "1143"]
[BlackElo "1142"]
[PlyCount "39"]
[EventDate "2002.??.??"]

1. d4 d5 2. c4 e6 3. Nf3 Nf6 4. Nc3 c5 5. e3 Nc6 6. Be2 dxc4 7. Bxc4 a6 8. a3
b5 9. Ba2 Bb7 10. O-O Qc7 11. dxc5 Bxc5 12. b4 Bd6 13. Bb2 Ne5 14. Nd4 Neg4 15.
g3 e5 16. Nf5 O-O-O 17. Rc1 Bxb4 18. Nd5 Bc5 19. Nxc7 Rxd1 20. Rfxd1 1-0

[Event "Aktiv-Alliancen Basis 4 2002"]
[Site "Taastrup"]
[Date "2002.01.25"]
[Round "1"]
[White "Leopold, Claus Ulrich"]
[Black "Dogru, Lafit"]
[Result "1/2-1/2"]
[WhiteElo "1172"]
[BlackElo "1014"]
[PlyCount "59"]
[EventDate "2002.??.??"]

1. d4 d5 2. c4 c6 3. e3 Bf5 4. Nc3 e6 5. Nf3 Nd7 6. Be2 Ngf6 7. O-O Be7 8. a3
O-O 9. b4 Qc7 10. Bb2 Rac8 11. Rc1 Rfe8 12. Nd2 Bd6 13. f4 b6 14. c5 bxc5 15.
dxc5 Bf8 16. Nb3 Rb8 17. Bd3 Bxd3 18. Qxd3 Bxc5 19. Nxd5 Nxd5 20. Nxc5 Nxc5 21.
Rxc5 Rbd8 22. Qe2 f6 23. g3 f5 24. Rfc1 Ne7 25. b5 Rd5 26. Rxd5 exd5 27. Bd4
Rc8 28. Qb2 Qb7 29. Bxg7 Qxb5 30. Bd4 1/2-1/2

[Event "Aktiv-Alliancen Basis 4 2002"]
[Site "Taastrup"]
[Date "2002.01.25"]
[Round "1"]
[White "Madsen, Simon Rise"]
[Black "Jensen, Dan Bronnum"]
[Result "1-0"]
[WhiteElo "1121"]
[BlackElo "1331"]
[PlyCount "71"]
[EventDate "2002.??.??"]

1. e4 e5 2. Nf3 Nc6 3. Nc3 Bb4 4. Bc4 Nf6 5. O-O d6 6. a3 Bxc3 7. Ng5 O-O 8.
bxc3 h6 9. Nf3 Nxe4 10. Qe2 Nf6 11. d4 d5 12. dxe5 Re8 13. Bb5 Ne4 14. Bb2 a6
15. Bd3 Bf5 16. c4 Qd7 17. Rad1 Nc5 18. cxd5 Ne7 19. d6 Bxd3 20. cxd3 cxd6 21.
d4 Ne6 22. exd6 Qxd6 23. Ne5 Rac8 24. d5 Nf8 25. Qf3 f6 26. Ng4 Rc2 27. Rb1 Kh8
28. Nxf6 Rd8 29. Rfe1 Neg6 30. Re8 Rxe8 31. Nxe8 Qe7 32. Nxg7 Rxb2 33. Rxb2
Kxg7 34. Kf1 Qc5 35. Rxb7+ Kg8 36. Qf7+ 1-0

[Event "Aktiv-Alliancen Basis 4 2002"]
[Site "Taastrup"]
[Date "2002.01.25"]
[Round "1"]
[White "Radovic, Slobodan"]
[Black "Simkunas, Artur"]
[Result "1-0"]
[WhiteElo "1375"]
[BlackElo "1330"]
[PlyCount "60"]
[EventDate "2002.??.??"]

1. e4 c6 2. d4 d5 3. Be3 dxe4 4. Nd2 Nf6 5. f3 exf3 6. Ngxf3 Bg4 7. c4 e6 8.
Qb3 b6 9. O-O-O Nbd7 10. h3 Bxf3 11. Nxf3 Qc7 12. g4 Bd6 13. Kb1 h6 14. Bg2 Rc8
15. Rhe1 Kf8 16. Bf2 c5 17. Bf1 cxd4 18. Nxd4 Nc5 19. Qf3 a6 20. Bh4 Be7 21.
Bd3 Nxd3 22. Rxd3 e5 23. Bxf6 Bxf6 24. Nf5 Be7 25. Nxe7 Qxe7 26. b3 g6 27. Rd5
Rc5 28. Rxc5 Qxc5 29. Qf6 Qd4 30. Qxh8+ Ke7 1-0

[Event "Aktiv-Alliancen Basis 4 2002"]
[Site "Taastrup"]
[Date "2002.01.25"]
[Round "2"]
[White "Hansen, Steen"]
[Black "Madsen, Simon Rise"]
[Result "1-0"]
[WhiteElo "1193"]
[BlackElo "1121"]
[PlyCount "81"]
[EventDate "2002.??.??"]

1. d4 d5 2. c4 e6 3. cxd5 exd5 4. Nc3 Nf6 5. Bg5 h6 6. Bxf6 gxf6 7. e3 Bf5 8.
Bd3 Qd7 9. Bxf5 Qxf5 10. Qf3 Qxf3 11. Nxf3 c6 12. O-O Nd7 13. a3 O-O-O 14. Nh4
h5 15. Nf5 h4 16. g4 hxg3 17. hxg3 Rh5 18. g4 Rh7 19. Kg2 Kc7 20. Rh1 Rxh1 21.
Rxh1 Bd6 22. Rh7 Rg8 23. Kf3 Rf8 24. Nh6 c5 25. Rxf7 Rh8 26. Nf5 Kc6 27. Nxd6
Kxd6 28. Nxd5 Kxd5 29. Rxd7+ Kc6 30. Rf7 Rh6 31. dxc5 Rh3+ 32. Kg2 Rh4 33.
Rxf6+ Kxc5 34. Kg3 Rh1 35. b4+ Kb5 36. g5 Rh7 37. Rh6 Rg7 38. f4 Ka4 39. g6
Kxa3 40. f5 Kxb4 41. Rh7 1-0

[Event "Aktiv-Alliancen Basis 4 2002"]
[Site "Taastrup"]
[Date "2002.01.26"]
[Round "2"]
[White "Jacobsen, Jesper Howalt"]
[Black "Leopold, Claus Ulrich"]
[Result "1-0"]
[WhiteElo "1269"]
[BlackElo "1172"]
[PlyCount "101"]
[EventDate "2002.??.??"]

1. d4 d5 2. Nf3 Nf6 3. g3 e6 4. Bg2 c5 5. e3 Nc6 6. O-O Be7 7. b3 b6 8. Ba3 Ba6
9. Re1 c4 10. bxc4 Bxc4 11. Bxe7 Qxe7 12. Nbd2 Na5 13. Ne5 Rc8 14. c3 Bb5 15.
Qb1 Bd7 16. Rc1 O-O 17. Qb4 Qd8 18. c4 Nc6 19. Nxc6 Bxc6 20. cxd5 Nxd5 21. Qa3
Qd7 22. e4 Ne7 23. d5 exd5 24. exd5 Nxd5 25. Nf3 Qb7 26. Nd4 Rfd8 27. Nf5 Rc7
28. Qb2 Nf6 29. Bxc6 Qc8 30. Be4 Rxc1+ 31. Rxc1 Qe6 32. Bb1 g6 33. Ne3 h5 34.
a3 Qe7 35. Ba2 Nh7 36. Bb3 h4 37. Qa2 Ng5 38. Rc6 Kf8 39. Rc1 h3 40. Bd1 Qb7
41. Kf1 Qh1+ 42. Ke2 Qxh2 43. Qb2 Ne6 44. Qh8+ Ke7 45. Qh4+ Kf8 46. Rc4 Qh1 47.
Ra4 a5 48. Bb3 b5 49. Bxe6 Rd2+ 50. Kxd2 bxa4 51. Qf6 1-0

[Event "Aktiv-Alliancen Basis 4 2002"]
[Site "Taastrup"]
[Date "2002.01.26"]
[Round "2"]
[White "Jensen, Carsten"]
[Black "Radovic, Slobodan"]
[Result "0-1"]
[WhiteElo "1143"]
[BlackElo "1375"]
[PlyCount "70"]
[EventDate "2002.??.??"]

1. d4 d5 2. c4 Nc6 3. Nf3 Nf6 4. Nc3 Bf5 5. e3 e6 6. a3 h6 7. Bd3 Bxd3 8. Qxd3
dxc4 9. Qxc4 Be7 10. O-O O-O 11. b4 a6 12. Bb2 Re8 13. Rfd1 Nd5 14. Rac1 Nxc3
15. Rxc3 Qd5 16. Rdc1 Bd6 17. Qxd5 exd5 18. Rb3 Ne7 19. b5 axb5 20. Rxb5 Ra7
21. Ra1 c6 22. Rb3 b5 23. g3 Rea8 24. Ne1 Ra4 25. Nc2 g5 26. Rc3 R4a6 27. Kg2
Kh7 28. f3 f5 29. g4 b4 30. axb4 Rxa1 31. Bxa1 fxg4 32. fxg4 Ra2 33. Kh3 Kg6
34. b5 cxb5 35. Rb3 Rxc2 0-1

[Event "Aktiv-Alliancen Basis 4 2002"]
[Site "Taastrup"]
[Date "2002.01.26"]
[Round "2"]
[White "Jensen, Dan Bronnum"]
[Black "Dogru, Lafit"]
[Result "0-1"]
[WhiteElo "1331"]
[BlackElo "1014"]
[PlyCount "94"]
[EventDate "2002.??.??"]

1. e4 c5 2. Nc3 g6 3. f4 Bg7 4. Nf3 d6 5. Bc4 Bg4 6. d3 Nf6 7. Be3 O-O 8. h3
Bxf3 9. Qxf3 Nbd7 10. g4 Nb6 11. Bb3 Rc8 12. g5 Nfd7 13. h4 c4 14. dxc4 Nxc4
15. Bxc4 Rxc4 16. Bd2 Qb6 17. b3 Rcc8 18. Rc1 Qc6 19. Nd5 Rfe8 20. c4 Nc5 21.
f5 e6 22. Nf6+ Bxf6 23. gxf6 Qxe4+ 24. Qxe4 Nxe4 25. fxg6 hxg6 26. Bg5 d5 27.
Rh2 Nc5 28. Rh3 d4 29. Rd1 e5 30. h5 Ne4 31. Bh4 gxh5 32. Rdd3 Kh7 33. Ke2 Rg8
34. Kf3 Ng5+ 35. Bxg5 Rxg5 36. Ke4 Kg6 37. Rdf3 Rc6 38. Rhg3 Rxg3 39. Rxg3+
Kxf6 40. Rg8 Rc7 41. Rh8 Kg6 42. Rd8 f6 43. Rg8+ Rg7 44. Rh8 Rh7 45. Rg8+ Kf7
46. Rc8 h4 47. Kf3 h3 0-1

[Event "Aktiv-Alliancen Basis 4 2002"]
[Site "Taastrup"]
[Date "2002.01.26"]
[Round "2"]
[White "Jensen, Leif Haugaard"]
[Black "Simkunas, Artur"]
[Result "0-1"]
[WhiteElo "1142"]
[BlackElo "1330"]
[PlyCount "44"]
[EventDate "2002.??.??"]

1. e4 c6 2. d4 d5 3. Nc3 dxe4 4. Nxe4 Nd7 5. Nf3 Ngf6 6. Ng3 e6 7. Bd3 c5 8.
Bf4 cxd4 9. O-O Be7 10. Re1 O-O 11. Bg5 h6 12. Bc1 Re8 13. Nxd4 Bc5 14. Nf3 Ng4
15. Qe2 Bxf2+ 16. Kh1 Bxe1 17. Qxe1 Qb6 18. Bh7+ Kxh7 19. Qe4+ f5 20. Qe2 Ndf6
21. Ne5 Nf2+ 22. Kg1 Nh3+ 0-1

[Event "Aktiv-Alliancen Basis 4 2002"]
[Site "Taastrup"]
[Date "2002.01.26"]
[Round "3"]
[White "Dogru, Lafit"]
[Black "Madsen, Simon Rise"]
[Result "0-1"]
[WhiteElo "1014"]
[BlackElo "1121"]
[PlyCount "126"]
[EventDate "2002.??.??"]

1. e4 e5 2. Nf3 Nc6 3. Bb5 d6 4. Nc3 Nf6 5. Nd5 Nxe4 6. d3 Nf6 7. Bg5 Be7 8.
Bxc6+ bxc6 9. Nxe7 Qxe7 10. Qd2 e4 11. Bxf6 Qxf6 12. dxe4 Qxb2 13. O-O O-O 14.
Rfc1 Be6 15. Rcb1 Qa3 16. h3 Bxh3 17. gxh3 Qxf3 18. Qd3 Qxd3 19. cxd3 Rab8 20.
Rc1 c5 21. e5 Rfe8 22. Rab1 Rxb1 23. Rxb1 h6 24. exd6 cxd6 25. Rb7 Re1+ 26. Kg2
Rd1 27. Rb3 d5 28. Rc3 Kh7 29. Rxc5 Rxd3 30. Rc7 Ra3 31. Rxf7 Rxa2 32. Rd7 Ra5
33. Kf3 Ra3+ 34. Kg2 Ra5 35. Kf3 Kg6 36. Kf4 Kf6 37. Rd6+ Ke7 38. Rg6 Kf7 39.
Rd6 Rc5 40. Rd7+ Ke6 41. Rxa7 g5+ 42. Kg3 d4 43. Ra6+ Kf5 44. Ra4 Rc3+ 45. Kg2
d3 46. Ra1 Ke4 47. Kf1 d2 48. Rd1 Kd3 49. Rxd2+ Kxd2 50. Kg2 h5 51. f3 Ke2 52.
h4 gxh4 53. f4 h3+ 54. Kh2 Kf3 55. Kxh3 Kxf4+ 56. Kh4 Rc1 57. Kxh5 Rd1 58. Kg6
Rd5 59. Kh6 Rg5 60. Kh7 Kf5 61. Kh8 Kf6 62. Kh7 Rg4 63. Kh8 Kf7 0-1

[Event "Aktiv-Alliancen Basis 4 2002"]
[Site "Taastrup"]
[Date "2002.01.26"]
[Round "3"]
[White "Jacobsen, Jesper Howalt"]
[Black "Jensen, Carsten"]
[Result "1-0"]
[WhiteElo "1269"]
[BlackElo "1143"]
[PlyCount "67"]
[EventDate "2002.??.??"]

1. e4 c5 2. Nc3 a6 3. d3 d6 4. Nf3 Nc6 5. Be2 e6 6. O-O Be7 7. Bd2 Nf6 8. d4
cxd4 9. Nb1 e5 10. Bd3 O-O 11. Ne1 Be6 12. a3 b5 13. c3 Qc7 14. f4 dxc3 15.
Nxc3 exf4 16. Bxf4 Ne5 17. Be2 Rad8 18. Rc1 Qb6+ 19. Kh1 Neg4 20. Rf3 Nf2+ 21.
Rxf2 Qxf2 22. Nd3 Qd4 23. Nb4 Qb6 24. Qf1 Ng4 25. Qf3 Ne5 26. Qg3 Bf6 27. Ncd5
Bxd5 28. Nxd5 Qb8 29. Nxf6+ Kh8 30. Bh6 gxh6 31. Qh4 Nd7 32. Qxh6 Nxf6 33.
Qxf6+ Kg8 34. Rc3 1-0

[Event "Aktiv-Alliancen Basis 4 2002"]
[Site "Taastrup"]
[Date "2002.01.26"]
[Round "3"]
[White "Jensen, Leif Haugaard"]
[Black "Jensen, Dan Bronnum"]
[Result "1/2-1/2"]
[WhiteElo "1142"]
[BlackElo "1331"]
[PlyCount "90"]
[EventDate "2002.??.??"]

1. e4 e5 2. Nf3 Nc6 3. Bc4 Nf6 4. Ng5 d5 5. exd5 Na5 6. Bb3 Nxb3 7. axb3 Nxd5
8. d4 h6 9. Nf3 e4 10. Ne5 Bd6 11. Nxf7 Kxf7 12. Qh5+ Ke6 13. Qg6+ Qf6 14.
Qxe4+ Kd7 15. Qxd5 c6 16. Qc4 Re8+ 17. Be3 b5 18. Qd3 Kc7 19. O-O Bf5 20. Qd2
Qg6 21. d5 Be4 22. f3 Bxd5 23. Nc3 Qh5 24. Nxd5+ cxd5 25. Bf4 a6 26. Qa5+ Kc6
27. Bxd6 Kxd6 28. Qb6+ Kd7 29. Qb7+ Kd6 30. Rxa6+ Rxa6 31. Qxa6+ Kc5 32. Qa7+
Kc6 33. Qxg7 Re2 34. Qc3+ Kd6 35. Qd3 Qe5 36. h3 Re3 37. Qd2 Re2 38. Qxh6+ Kc5
39. Qf8+ Kc6 40. Qh6+ Kc5 41. Qf8+ Kc6 42. Qc8+ Kb6 43. Qd8+ Kc6 44. Qc8+ Kb6
45. Qd8+ Kc6 1/2-1/2

[Event "Aktiv-Alliancen Basis 4 2002"]
[Site "Taastrup"]
[Date "2002.01.26"]
[Round "3"]
[White "Radovic, Slobodan"]
[Black "Hansen, Steen"]
[Result "1/2-1/2"]
[WhiteElo "1375"]
[BlackElo "1193"]
[PlyCount "75"]
[EventDate "2002.??.??"]

1. e4 e5 2. Bc4 Nf6 3. d4 Nxe4 4. Nf3 Nd6 5. Bb3 exd4 6. Qxd4 Nc6 7. Qf4 Be7 8.
O-O O-O 9. Nc3 Ne8 10. Ne4 d5 11. Rd1 Be6 12. Nfg5 Nf6 13. Nxf6+ Bxf6 14. Nxe6
fxe6 15. Qg4 Qe7 16. c3 Ne5 17. Qe2 c6 18. f4 Nd7 19. Bc2 Qf7 20. Be3 e5 21.
fxe5 Nxe5 22. Rf1 Nc4 23. Bc5 Rfe8 24. Qg4 Ne3 25. Bxh7+ Kxh7 26. Qh3+ Kg8 27.
Bxe3 Qe6 28. Qxe6+ Rxe6 29. Rae1 Rae8 30. Bd2 Rxe1 31. Rxe1 Rxe1+ 32. Bxe1 d4
33. Kf1 dxc3 34. Bxc3 Bxc3 35. bxc3 b5 36. Ke2 Kf7 37. Kd3 Ke6 38. Ke4 1/2-1/2

[Event "Aktiv-Alliancen Basis 4 2002"]
[Site "Taastrup"]
[Date "2002.01.26"]
[Round "3"]
[White "Simkunas, Artur"]
[Black "Leopold, Claus Ulrich"]
[Result "1-0"]
[WhiteElo "1330"]
[BlackElo "1172"]
[PlyCount "31"]
[EventDate "2002.??.??"]

1. e4 e5 2. Nf3 Nc6 3. Bc4 d6 4. d4 exd4 5. Nxd4 Nf6 6. Nc3 g6 7. Bg5 Bg7 8. f4
O-O 9. O-O Re8 10. Nxc6 bxc6 11. e5 Bg4 12. Bxf6 Bxf6 13. Qxg4 dxe5 14. Rad1
Qe7 15. Ne4 h5 16. Qxg6+ 1-0

[Event "Aktiv-Alliancen Basis 4 2002"]
[Site "Taastrup"]
[Date "2002.01.27"]
[Round "4"]
[White "Dogru, Lafit"]
[Black "Jacobsen, Jesper Howalt"]
[Result "0-1"]
[WhiteElo "1014"]
[BlackElo "1269"]
[PlyCount "52"]
[EventDate "2002.??.??"]

1. c4 e6 2. d4 c5 3. d5 exd5 4. cxd5 b6 5. Nc3 Bb7 6. Qa4 Na6 7. Qe4+ Qe7 8.
Qxe7+ Nxe7 9. e4 Nb4 10. Kd1 Ba6 11. Bxa6 Nxa6 12. Nge2 g6 13. Bg5 Nc8 14. f4
Bg7 15. e5 O-O 16. Kc2 f6 17. Bxf6 Bxf6 18. exf6 Rxf6 19. a3 Nd6 20. Rhf1 Re8
21. Rad1 Nf5 22. g3 Ne3+ 23. Kc1 Nxf1 24. Rxf1 Nc7 25. Rd1 a6 26. Ne4 Rxe4 0-1

[Event "Aktiv-Alliancen Basis 4 2002"]
[Site "Taastrup"]
[Date "2002.01.27"]
[Round "4"]
[White "Jensen, Dan Bronnum"]
[Black "Jensen, Carsten"]
[Result "1-0"]
[WhiteElo "1331"]
[BlackElo "1143"]
[PlyCount "83"]
[EventDate "2002.??.??"]

1. e4 c5 2. Nf3 d6 3. b4 b6 4. Bc4 e6 5. a3 Nf6 6. d3 Be7 7. O-O O-O 8. Re1
Nbd7 9. c3 h6 10. d4 cxd4 11. cxd4 Qc7 12. Bb3 Bb7 13. d5 e5 14. Ra2 b5 15. Rc2
Qb6 16. Qd3 Rfc8 17. Be3 Qa6 18. Rec1 Rxc2 19. Rxc2 Rc8 20. h3 Rxc2 21. Qxc2
Ba8 22. Nh4 Qb7 23. Nf5 Bf8 24. f3 Qb8 25. Qf2 Nh5 26. Bxa7 Qc7 27. Be3 g5 28.
g4 Nf4 29. Bxf4 exf4 30. Qc2 Qa7+ 31. Qf2 Qc7 32. Qc2 Qa7+ 33. Kg2 Ne5 34. Qc8
f6 35. Nxh6+ Kg7 36. Nf5+ Kg8 37. Qe6+ Qf7 38. Qc8 Qb7 39. Qe6+ Qf7 40. Qxf7+
Kxf7 41. Nc3 Bb7 42. Nxb5 1-0

[Event "Aktiv-Alliancen Basis 4 2002"]
[Site "Taastrup"]
[Date "2002.01.27"]
[Round "4"]
[White "Leopold, Claus Ulrich"]
[Black "Jensen, Leif Haugaard"]
[Result "0-1"]
[WhiteElo "1172"]
[BlackElo "1142"]
[PlyCount "48"]
[EventDate "2002.??.??"]

1. d4 d5 2. c4 e6 3. Nc3 Nf6 4. Nf3 c5 5. e3 Nc6 6. Bd3 cxd4 7. exd4 dxc4 8.
Bxc4 Bb4 9. O-O O-O 10. Bf4 a6 11. a3 Bxc3 12. bxc3 b5 13. Bd3 Bb7 14. Qe2 Nd5
15. Bd2 Qc7 16. c4 bxc4 17. Bxc4 Nce7 18. Rfc1 Nf4 19. Qe3 Nxg2 20. Kxg2 Nf5
21. Qe5 Qxe5 22. dxe5 Nh4+ 23. Kg3 Nxf3 24. Be3 Nxe5 0-1

[Event "Aktiv-Alliancen Basis 4 2002"]
[Site "Taastrup"]
[Date "2002.01.27"]
[Round "4"]
[White "Madsen, Simon Rise"]
[Black "Radovic, Slobodan"]
[Result "0-1"]
[WhiteElo "1121"]
[BlackElo "1375"]
[PlyCount "78"]
[EventDate "2002.??.??"]

1. e4 c5 2. Nf3 d6 3. Nc3 Nf6 4. Bc4 e6 5. d4 cxd4 6. Nxd4 a6 7. O-O Nxe4 8.
Nxe4 d5 9. Bb5+ axb5 10. Ng5 Be7 11. Qh5 Bxg5 12. Bxg5 Qb6 13. Be3 Qa6 14. Qg5
O-O 15. Qg3 f6 16. Bh6 Rf7 17. f4 Nc6 18. Nxc6 bxc6 19. Rfe1 Kh8 20. Bxg7+ Rxg7
21. Qh4 Rf7 22. Qh5 Qa7+ 23. Kh1 Qe7 24. g4 Ra4 25. f5 e5 26. Rg1 Rf4 27. a4
bxa4 28. g5 Bxf5 29. b3 Be4+ 30. Rg2 Bxg2+ 31. Kxg2 Rg7 32. Kh1 Rxg5 33. Qh3
Rfg4 34. bxa4 Qa7 35. Qf1 f5 36. c3 Rxa4 37. Rxa4 Qxa4 38. h3 Qe4+ 39. Kh2 Qf4+
0-1

[Event "Aktiv-Alliancen Basis 4 2002"]
[Site "Taastrup"]
[Date "2002.01.27"]
[Round "4"]
[White "Simkunas, Artur"]
[Black "Hansen, Steen"]
[Result "0-1"]
[WhiteElo "1330"]
[BlackElo "1193"]
[PlyCount "130"]
[EventDate "2002.??.??"]

1. e4 e5 2. Nf3 d6 3. Nc3 Nf6 4. Bc4 Bg4 5. h3 Bxf3 6. Qxf3 Be7 7. O-O O-O 8.
d3 Nc6 9. Qd1 a6 10. f4 b5 11. Bb3 Nd4 12. f5 c6 13. g4 Nxb3 14. axb3 d5 15. g5
Ne8 16. h4 f6 17. Qh5 fxg5 18. hxg5 Qd6 19. Rf3 g6 20. fxg6 Qxg6 21. Qxg6+ hxg6
22. Rxf8+ Bxf8 23. exd5 b4 24. Ne2 cxd5 25. Bd2 Nc7 26. Kg2 Be7 27. Rf1 Ne6 28.
Rg1 Rf8 29. d4 Nxd4 30. Nxd4 exd4 31. Ra1 Rc8 32. Kf3 Rxc2 33. Bf4 Rxb2 34.
Rxa6 Rxb3+ 35. Kg4 Kf7 36. Ra7 Ra3 37. Rb7 Ra6 38. Bd2 Ra4 39. Bf4 d3 40. Bd6
b3+ 41. Kf3 Re4 42. Bxe7 Rxe7 43. Rxb3 Re5 44. Rb7+ Re7 45. Rb3 d2 46. Rd3 Re5
47. Kf4 Re4+ 48. Kf3 Ke6 49. Rxd2 Kf5 50. Rg2 d4 51. Ra2 Re3+ 52. Kf2 Kxg5 53.
Ra5+ Kf4 54. Rd5 Rd3 55. Ke2 Ke4 56. Rg5 Re3+ 57. Kd2 Rf3 58. Rxg6 Rf2+ 59. Ke1
Rb2 60. Rg4+ Kd3 61. Rg3+ Kc4 62. Kd1 d3 63. Kc1 Rf2 64. Rg4+ Kc3 65. Rg1 Rc2+
0-1

[Event "Aktiv-Alliancen Basis 4 2002"]
[Site "Taastrup"]
[Date "2002.01.27"]
[Round "5"]
[White "Hansen, Steen"]
[Black "Dogru, Lafit"]
[Result "0-1"]
[WhiteElo "1193"]
[BlackElo "1014"]
[PlyCount "86"]
[EventDate "2002.??.??"]

1. d4 d5 2. c4 c6 3. Nc3 Nf6 4. Bf4 Bf5 5. Nf3 Nbd7 6. e3 e6 7. Bd3 Bg4 8. O-O
Bb4 9. cxd5 exd5 10. a3 Ba5 11. b4 Bc7 12. Bxc7 Qxc7 13. Be2 O-O 14. Qc2 Bxf3
15. Bxf3 Rac8 16. Rac1 a5 17. Rb1 axb4 18. axb4 Rb8 19. Rfc1 Rfc8 20. Qd1 b5
21. Nxd5 Qd6 22. Nc3 Nb6 23. Be2 Nfd5 24. Ne4 Qe7 25. Nc5 Nd7 26. Nxd7 Qxd7 27.
e4 Nb6 28. Bg4 Qe7 29. Bxc8 Rxc8 30. f3 Nc4 31. Rc3 Qg5 32. Qe2 Ra8 33. Rbc1
Ra4 34. Rb1 Ra7 35. g3 Ra4 36. f4 Qe7 37. Rcb3 Qa7 38. Qg4 Qxd4+ 39. Kf1 Nd2+
40. Ke2 g6 41. Rd3 Qxe4+ 42. Kxd2 Ra2+ 43. Kd1 Qh1# 0-1

[Event "Aktiv-Alliancen Basis 4 2002"]
[Site "Taastrup"]
[Date "2002.01.27"]
[Round "5"]
[White "Jensen, Dan Bronnum"]
[Black "Simkunas, Artur"]
[Result "0-1"]
[WhiteElo "1331"]
[BlackElo "1330"]
[PlyCount "71"]
[EventDate "2002.??.??"]

1. e4 c6 2. Nc3 d5 3. d4 dxe4 4. Nxe4 Nd7 5. Nf3 Ngf6 6. Bd3 Nxe4 7. Bxe4 Nf6
8. Bd3 Bg4 9. c3 e6 10. Be2 Qc7 11. Bg5 Be7 12. O-O h5 13. Ne5 Nd5 14. Bxe7
Nxe7 15. h3 Bxe2 16. Qxe2 g5 17. f4 Nf5 18. Qf2 g4 19. g3 O-O-O 20. h4 Rhf8 21.
Kh2 Rg8 22. Rfd1 Nxh4 23. c4 f6 24. Nd3 Nf3+ 25. Kh1 Rxd4 26. Nc5 Rgd8 27. Rxd4
Nxd4 28. Re1 Qa5 29. Nb3 Nxb3 30. axb3 Qd2 31. Re2 Qd1+ 32. Kg2 Qd6 33. Rc2 Qd4
34. Qe2 e5 35. fxe5 fxe5 36. Rd2 0-1

[Event "Aktiv-Alliancen Basis 4 2002"]
[Site "Taastrup"]
[Date "2002.01.27"]
[Round "5"]
[White "Jensen, Leif Haugaard"]
[Black "Madsen, Simon Rise"]
[Result "1-0"]
[WhiteElo "1142"]
[BlackElo "1121"]
[PlyCount "41"]
[EventDate "2002.??.??"]

1. e4 e5 2. Nf3 Nc6 3. Bc4 Nf6 4. Ng5 d5 5. exd5 Nxd5 6. d3 h6 7. Nxf7 Kxf7 8.
Qf3+ Qf6 9. Qxf6+ gxf6 10. Bxd5+ Ke8 11. Bxc6+ bxc6 12. O-O Rg8 13. Nc3 Bh3 14.
Ne4 Rxg2+ 15. Kh1 Rg6 16. Rg1 Bg4 17. Rxg4 Rxg4 18. Nxf6+ Kf7 19. Nxg4 Bc5 20.
Nxe5+ Kf6 21. Nd7+ 1-0

[Event "Aktiv-Alliancen Basis 4 2002"]
[Site "Taastrup"]
[Date "2002.01.27"]
[Round "5"]
[White "Leopold, Claus Ulrich"]
[Black "Jensen, Carsten"]
[Result "1-0"]
[WhiteElo "1172"]
[BlackElo "1143"]
[PlyCount "49"]
[EventDate "2002.??.??"]

1. d4 d5 2. c4 Nf6 3. Nc3 e6 4. Nf3 Be7 5. Bf4 Nc6 6. e3 O-O 7. a3 b6 8. b4 a6
9. Bd3 h6 10. Qc2 dxc4 11. Bxc4 Bd6 12. Ne5 Ne7 13. O-O Nh5 14. Bd3 f5 15. Be2
Nxf4 16. exf4 Bxe5 17. dxe5 Ng6 18. g3 c6 19. Bf3 Qc7 20. Ne2 Bb7 21. Nd4 Qe7
22. Rac1 Rac8 23. Qc4 Rfe8 24. Nxf5 Qf7 25. Nd6 1-0

[Event "Aktiv-Alliancen Basis 4 2002"]
[Site "Taastrup"]
[Date "2002.01.27"]
[Round "5"]
[White "Radovic, Slobodan"]
[Black "Jacobsen, Jesper Howalt"]
[Result "1-0"]
[WhiteElo "1375"]
[BlackElo "1269"]
[PlyCount "31"]
[EventDate "2002.??.??"]

1. e4 e6 2. d4 b6 3. Be3 Nf6 4. Nd2 Be7 5. c4 d6 6. Ngf3 Bb7 7. Bd3 c5 8. d5 e5
9. O-O O-O 10. Ne1 Ne8 11. f4 exf4 12. Bxf4 Bf6 13. e5 dxe5 14. Bxh7+ Kh8 15.
Qh5 g6 16. Bxg6+ 1-0